000 00443cam a2200181ua 4500
001 12129
008 200222n ii |||gr||||Z||||||eng
020 _a978938252626
040 _cMAIN
082 _a510
100 _aSaifur Rahman,
_eEditor.
245 _aRecent trends of mathematics
_cEd by Saifur Rahman
250 _a1st ed.
260 _aGuwahati:
_bEBH publishers,
_c2017.
300 _a217p.
653 _aMathematics
942 _cBK
999 _c10900
_d10900